Quizzes
Events
Quiz Creation
Community
Videos
Private Events
Remove Ads
Sign In
Join for FREE
Feedback
Dark Mode
Quiz Categories
Sports
Geography
Music
Movies
Television
Just For Fun
Miscellaneous
History
Literature
Language
Science
Gaming
Entertainment
Religion
Holiday
For Kids
Quiz Lab
Recent
Popular Today
Quiz Kudos Today
Editor Picks
Curator Picks
Quizzes by...
Day
Popularity
Type
Ratings
Length
Year
Community
Subscriptions
Recent Discussions
Orange Saloon
Badges
Playlists
Quests
Create
Leaderboards
Showdown
Live 5
Trivia Bingo
Activity
Puzzle Library
Sporcle Events
Private Events
Virtual Trivia
Globe League
Become a Host
Pub Owners
SporcleCon
Opinionation
Our Games
Videos
Blog
Mobile Apps
Partnerships
Remove Ads and Go Orange
Feedback
Movies
Disney
Marvel Cinematic Universe
Movie Resume
Movie Titles
Oscar
Actor
Actress
Director
Pixar
Role
Movie Quotes
Movie Characters
Box Office
Nominee
Best Picture
Star Wars
James Bond
Horror Movies
Movies
Disney
Marvel Cinematic Universe
Movie Resume
Movie Titles
Oscar
Actor
Actress
Director
Pixar
Role
Movie Quotes
Movie Characters
Box Office
Nominee
Best Picture
Star Wars
James Bond
Horror Movies
Random Quiz
Search Sporcle
×
Quiz Lab
Quiz Lab
Movies
Broadway
Type in answers that appear in a list
Type in answers that appear in a list
Classic
Best Score? Go Orange.
Ain't Got No Grass Stats
Can you name the things the Tribe lists in 'Ain't Got No Grass' (Hair)
By
theatrefreak
10m
81 Questions
8 Plays
8 Plays
8 Plays
Comments
Comments
Give Quiz Kudos
Give Quiz Kudos
-
- Ratings
hide this ad
Replay
Link that replays current quiz
Next Quiz
Link to next quiz in quiz playlist
You Got
0%
They Got
Avg Score
53%
Avg Friend Score
Upgrade to see
Score Distribution
Jump to the score distribution portion of the page
Score
0/81
Timer
10:00
0
Plays Today
Answer
% Correct
grass
100%
acid
75%
knife
75%
draft card
75%
trees
75%
air
75%
water
75%
A bombs
75%
H bombs
75%
Chinese
75%
Air
75%
Air
75%
Air
75%
Air
75%
clothes
62.5%
apples
62.5%
garbage
62.5%
earth
62.5%
banjo
62.5%
guns
62.5%
telephone
62.5%
brother
62.5%
sister
62.5%
airplanes
62.5%
germs
62.5%
M1
62.5%
M2
62.5%
Answer
% Correct
Jews
62.5%
Ups
62.5%
Downs
62.5%
High School
62.5%
Sex
62.5%
England
62.5%
Jesus
62.5%
pad
50%
fun
50%
bike
50%
pimples
50%
city
50%
toothpicks
50%
shoelaces
50%
teachers
50%
football
50%
records
50%
doctor
50%
uniforms
50%
machine guns
50%
P bombs
50%
Q bombs
50%
Czechs
50%
Hindus
50%
Italianos
50%
Polacks
50%
Germans
50%
Answer
% Correct
Cigarettes
50%
Popcorn
50%
Bindus
37.5%
Youse
37.5%
Vietnam
37.5%
Johnson
37.5%
Coffee
37.5%
Books
37.5%
Scissors
37.5%
Magazines
37.5%
News
37.5%
Hollywood
37.5%
Tuesday Weld
37.5%
Burton Taylor
37.5%
Pop Art
37.5%
Pop Off
37.5%
Popsicle
37.5%
Andy Warpop
37.5%
Pop Paper
37.5%
Pop Up
37.5%
Popeye
37.5%
Poppers
37.5%
Outer Space
37.5%
Food
25%
TV
25%
Nepalm
25%
Astronauts
25%
Quiz Playlist
Details
Report
Send in Message
Add To Playlist
Classic:
Type in answers that appear in a list
Last Updated: Feb 16, 2017
Quiz Scoreboard
CHALLENGE
Sign Up to Join the Scoreboard
Show All
Scores
Hide
Comments
May contain spoilers
Recently Published
Street Fighter Characters
by Artimus82
Gaming
60s
9x9 Crossword: Cartoon Network
by jackfrog10
Miscellaneous
3m
College Basketball Coaching Resumes
by pancakes188
Sports
9m
More to Explore
Quiz From the Vault
Featured Blog Post
Where Did the Easter Bunny Come From?
hide this ad
You Might Also Like...
Tags
Broadway Quiz
Broadway Lyrics
Broadway Musicals
Broadway Shows
hair
Today's Top Quizzes in Movies
Browse Movies
hide this ad
Today's Top Quizzes in Broadway
Browse Broadway
Top Contributed Quizzes in Movies
1
Pick 5 Posters: Directed by Spielberg
2
7-to-1: Pixar Characters
3
Pick 5 Posters: Lowest-Rated Spielberg
4
Hidden Star Wars Character II
5
Sorting Actors
6
Sorting Actresses
7
Pick 5 Posters: Directed by Scorsese
8
Hidden Star Wars Character III
9
Pick 5 Posters: Star & Director
10
Hidden Star Wars Character IV
Explore More
Trending Topics
Harry Potter
Crossword
Kpop
Disney
NBA
Marvel
Anime
Song
Puzzle
The Office
Pokémon
NFL
Country
Soccer
WWE
hide this ad
More By:
theatrefreak
Quiz
Plays
Rating
Category
Featured
Created
Heathers The Musical Trivia
13,191
3.75
Entertainment
Jul 26, 2014
In The Heights lyrics
988
3.00
Music
Aug 4, 2014
West Side Story Trivia
307
1.67
Entertainment
May 15, 2015
Les Mis Trivia
218
4.00
Entertainment
Jul 26, 2014
In My Life Lyrics
128
Music
Jul 30, 2014
Go to Creator's Profile
Score Distribution
Quiz Creator Spotlight
theatrefreak
Follow
Send a Message
Quizzes Created
-
Created Quiz Play Count
-
More By This Creator
Popular Quizzes Today
1
Find the US States - No Outlines Minefield
2
Find the Countries of Europe - No Outlines Minefield
3
The Countries of the World
4
Find the US States
5
Risky Map Clicking: Biggest States A-Z
6
US States
7
Popular People in 1961
8
Movies - When Are They Set?
More Movies Quizzes
3 Movies, 1 Missing Word VI
Published
Trending Quizzes
Risky Map Clicking: Least Populous States A-Z
1-10 Letter G Words
Risky Map Clicking: Next State Alphabetically
Adjectives in 80s TV Shows
The Seven Year Switch: Catherine
Recently Updated
Leaping Animals
pecheneg
Reality TV Shows (A-Z)
bhenderson79
Rickey Henderson's Hall of Fame Teammates
pecheneg
Champions League XIs: Arsenal
pecheneg
Quick Pick: Celebrities in WWE's Hall of Fame
aduchscher
A-Z Keypad Blitz II
pecheneg
Multiple Oscar Actors
pecheneg
Mystery Phrase Blitz: Oscar 'Best Actors'
pecheneg
F. Scott Fitzgerald Novels
LTH
Pick 3 Villains
ddd62291
Trending Topics
Kpop
NBA
Disney
Harry Potter
Anime
Marvel
Crossword
NFL
Song
Puzzle
The Office
WWE
Country
Soccer
Pokémon
Your Account Isn't Verified!
In order to create a playlist on Sporcle, you need to verify the email address you used during registration. Go to your
Sporcle Settings
to finish the process.
Report this User
Report this user for behavior that violates our
Community Guidelines
.
Details:
Send Report
Go to the Sporcle.com Mobile Site →
Comments